Complete the Movie Title (1987) - Statistics

General Stats
  • This quiz has been taken 270 times
  • The average score is 17 of 25
Answer Stats
Hint Answer % Correct
Three _____! Amigos
93%
Fatal _____ Attraction
92%
Full Metal _____ Jacket
92%
Little _____ of Horrors Shop
88%
The Running _____ Man
85%
The _____ of Eastwick Witches
83%
Ernest Goes to _____ Camp
81%
Who’s That _____ Girl
81%
Flowers in the _____ Attic
75%
Children of a Lesser _____ God
74%
_____ Street Wall
74%
Adventures in _____ Babysitting
73%
Black _____ Widow
67%
My Life as a _____ Dog
65%
Crimes of the _____ Heart
65%
The _____Coast Mosquito
63%
Blind _____ Date
62%
The Lost _____ Boys
61%
Outrageous _____ Fortune
55%
Back to the _____ Beach
53%
A Nightmare on Elm Street 3: Dream _____ Warriors
53%
The Golden _____ Child
52%
An American _____ Tail
48%
The Fourth _____ Protocol
47%
_____ of Stone Gardens
25%
No matching quizzes found
Score Distribution
Percent of People with Each Score
Percentile by Number Answered
Your Score History
You have not taken this quiz